| 000 | 00839cam a22002771 4500 | ||
|---|---|---|---|
| 001 | 692 | ||
| 003 | BD-RjUL | ||
| 005 | 20211208233222.0 | ||
| 008 | 131123s1951 xx 001 0 eng d | ||
| 035 | _a(BD-RjUL) | ||
| 035 | _a(BD-RjUL)712 | ||
| 040 |
_aDLC _cOC _dUk _dBD-RjUL _beng |
||
| 041 | _aeng | ||
| 082 |
_a025.4 _216 _bPAF 1951 |
||
| 100 | 1 |
_aPalmer, Bernard Ira, _d1910- _91751 |
|
| 245 | 1 | 4 |
_aThe fundamentals of library classification / _cby Bernard I. Palmer and A. J. Wells. |
| 260 |
_aLondon: _bAllen & Unwin, _c1951 |
||
| 300 |
_a114 p. ; _c20 cm. |
||
| 504 | _aBibliography: p. [112] | ||
| 650 | 0 |
_aClassification _xBooks. _92077 |
|
| 700 | 1 |
_aWells, Arthur James, _d1912- _ejoint author. _92078 |
|
| 942 |
_2ddc _cBK |
||
| 999 |
_c692 _d692 |
||